| 000 | 00789nam a2200241 a 4500 | ||
|---|---|---|---|
| 001 | BRCA_5542 | ||
| 005 | 20190320205126.0 | ||
| 008 | 280311s1903----gw-a###f##---#001-0#ger-# | ||
| 041 | _ager | ||
| 044 | _agw | ||
| 050 | 4 |
_aN2460 _b.V65 _c1903 |
|
| 100 | 1 |
_aVoll, Karl _913889 |
|
| 245 | 1 | 0 |
_aDie Meisterwerke des Rijks-Museum zu Amsterdam _bHanfstaengls Maler-Klassiker: Die Mesterwerke der Bedeutensten Galerien Europas _cVoll, Karl |
| 300 |
_aXX, 208 p. _bil., 208 láminas _c26 cm. |
||
| 500 | _aF18 | ||
| 500 | _aIgual a Y9 y F145 | ||
| 610 | 2 | 4 |
_aRijksmuseum (Amsterdam) _914139 |
| 650 | 1 | 4 |
_aPintura holandesa _zAmsterdam _914140 |
| 650 | 1 | 4 |
_aPintura _vColecciones y coleccionistas _zHolanda _914141 |
| 650 | 1 | 4 |
_aGalerias y Museos _zHolanda _97615 |
| 902 | _aGFM | ||
| 942 |
_2lcc _cB |
||
| 999 |
_c5236 _d5236 |
||